| 000 | 00386nam a2200145 4500 | ||
|---|---|---|---|
| 001 | 139556 | ||
| 003 | ES-MaACL | ||
| 007 | t| | ||
| 008 | 070214s1923 gw r ||||1| ger d | ||
| 100 | 1 |
_aScheler, Max. _9104283 |
|
| 245 | 1 | 0 |
_aNation und Weltanschauung / _cMax Scheler. |
| 260 |
_aLeipzig : _bPeter Reinhold, _c1923. |
||
| 300 |
_aVIII, 17 p. ; _c25 cm. |
||
| 852 |
_aES-MaACL _jC-9058 |
||
| 999 |
_c139556 _d139556 |
||